000 00477nmm a2200169Ia 4500
008 251105s9999||||xx |||||||||||||||||und||
020 _a9788498169737
041 _aspa
100 _aHuarte de San Juan, Juan
245 0 _aExamen de ingenios para las ciencias
264 _a[Madrid, España] :
_bLinkgua,
_c2011
300 _a322 páginas
490 _aPensamiento
650 _aCultural Studies
856 _uhttps://public.digitaliapublishing.com/a/15109
942 _cCF
999 _c91529
_d91529